• 首页
  • 本馆介绍
  • 公告通知
  • 最新文献
  • 馆藏检索
  • 电子资源
  • 读者导购
  • 参考咨询
  • 我的图书馆
  • 登录
  • 详细信息显示
  • 放入我的书架
  • 预约/预借图书
  • 作者相关作品
  • 分类相关作品
  • 丛书相关作品
  • 出版社相关作品

书目信息

  • 表格格式
  • 工作单格式
  • 卡片格式
题名:
银河铁道之夜
    
 
作者: 宫泽贤治 著 ;王新禧 译
分册:  
出版信息: 南京   江苏凤凰文艺出版社  2020
页数: 276页
开本: 19cm
丛书名:
单 册:
中图分类: I313.88
科图分类:
主题词: 童话--作品集--日本--现代
电子资源:
ISBN: 978-7-5594-4953-5
000 00665nam0 2200217 450
001 2368507132
005 20231128190155.71
010    @a978-7-5594-4953-5@b精装@dCNY65.00
100    @a20201111d2020 em y0chiy50 ea
101 1  @achi@cjpn
102    @aCN@b320000
105    @aa z 000fy
200 1  @a银河铁道之夜@Ayin he tie dao zhi ye@f(日)宫泽贤治著@g王新禧译
210    @a南京@c江苏凤凰文艺出版社@d2020
215    @a276页@c图@d19cm
606 0  @a童话@x作品集@y日本@z现代
690    @aI313.88@v5
701  0 @c(日)@a宫泽贤治@Agong ze xian zhi@f(1896-1933)@4著
702  0 @a王新禧@Awang xin xi@4译
801  0 @aCN@b91MARC@c20201205
905    @aZUCC@dI313.88@e3
    
    银河铁道之夜/(日)宫泽贤治著/王新禧译.-南京:江苏凤凰文艺出版社,2020
    276页:图;19cm
    
    
    ISBN 978-7-5594-4953-5(精装):CNY65.00
    
●
相关链接 在五车中查询图书 在当当中查询图书 在豆瓣中查询图书


正题名:银河铁道之夜     索取号:I313.88/3         预约/预借

序号 登录号 条形码 馆藏地/架位号 状态 备注
1 2001058137   2001058137   辽宁一、悦读混合/辽宁北配(第三批)/辽批214/ [索取号:I313.88/3] 在馆    
2 2001058138   2001058138   辽宁一、悦读混合/辽宁北配(第三批)/辽批214/ [索取号:I313.88/3] 在馆    
3 2001058139   2001058139   辽宁一、悦读混合/辽宁北配(第三批)/辽批214/ [索取号:I313.88/3] 在馆    
4 2001058140   2001058140   辽宁一、悦读混合/辽宁北配(第三批)/辽批214/ [索取号:I313.88/3] 在馆    
5 2001058141   2001058141   辽宁一、悦读混合/辽宁北配(第三批)/辽批214/ [索取号:I313.88/3] 在馆    
6 2001058142   2001058142   辽宁一、悦读混合/辽宁北配(第三批)/辽批214/ [索取号:I313.88/3] 在馆    
山东省滨州职业学院图书馆 欢迎您!
大连网信软件有限公司© 版权所有